| 000 | 00357nam a2200145Ia 4500 | ||
|---|---|---|---|
| 008 | 230917s9999||||xx |||||||||||||| ||und|| | ||
| 040 |
_e48149 _aMAIN |
||
| 041 | _aEnglish | ||
| 082 | _a822.33 S15J:O | ||
| 100 | _aJones, Emrys | ||
| 245 | 4 | _aThe origins of Shakespeare | |
| 260 |
_aOxford _bClarendon Press _c1978 |
||
| 300 | _avii, 290 p. | ||
| 942 | _cBK | ||
| 999 |
_c213354 _d213354 |
||